Business mathematics & statistics (Record no. 5571)

MARC details
000 -LEADER
fixed length control field 00532cam a2200205ua 4500
001 - CONTROL NUMBER
control field 6427
005 - DATE AND TIME OF LATEST TRANSACTION
control field 20260515114040.0
008 - FIXED-LENGTH DATA ELEMENTS--GENERAL INFORMATION
fixed length control field 131207n ii |||gr||||Z||||||eng
020 ## - INTERNATIONAL STANDARD BOOK NUMBER
International Standard Book Number 81-7096-033-9
040 ## - CATALOGING SOURCE
Transcribing agency MAIN
082 ## - DEWEY DECIMAL CLASSIFICATION NUMBER
Classification number 519.5
245 ## - TITLE STATEMENT
Title Business mathematics & statistics
Statement of responsibility, etc. By K.K. Nag
260 ## - PUBLICATION, DISTRIBUTION, ETC.
Place of publication, distribution, etc. Ludhiana:
Name of publisher, distributor, etc. Kalyani publishers,
Date of publication, distribution, etc. 1987.
300 ## - PHYSICAL DESCRIPTION
Extent x,422p.
653 ## - INDEX TERM--UNCONTROLLED
Uncontrolled term Commerce
653 ## - INDEX TERM--UNCONTROLLED
Uncontrolled term Business mathematics & statistics
700 ## - ADDED ENTRY--PERSONAL NAME
Personal name Nag,K.K.,
Relator term Author.,
700 1# - ADDED ENTRY--PERSONAL NAME
Personal name Chanda,S.C.,
Relator term Author.
942 ## - ADDED ENTRY ELEMENTS (KOHA)
Koha item type Books
Holdings
Withdrawn status Lost status Damaged status Not for loan Home library Current library Shelving location Date acquired Total checkouts Full call number Barcode Date last seen Copy number Price effective from Koha item type Date last checked out
        Naharkatiya College Library Naharkatiya College Library General stacks 09/19/2020   519.5 | NAG 13486 09/19/2020 2 09/19/2020 Books  
        Naharkatiya College Library Naharkatiya College Library General stacks 09/19/2020 1 519.5 | NAG 13487 09/24/2021 1 09/19/2020 Books 09/14/2021